Statistics for States that are the Largest State Bordering Another State

Click here to take the quiz!

General Stats

  • This quiz has been taken 116 times
  • The average score is 16 of 23

Answer Stats

Biggest Bordering State% Correct
Texas
94%
California
91%
Florida
90%
New York
90%
Georgia
87%
Montana
86%
Arizona
82%
Pennsylvania
76%
New Mexico
75%
Minnesota
73%
Michigan
71%
Maine
68%
Colorado
67%
Wyoming
66%
Missouri
65%
Oregon
57%
Wisconsin
52%
New Hampshire
51%
Kansas
48%
Massachusetts
48%
North Carolina
43%
South Dakota
40%
Arkansas
31%

Score Distribution

Percentile by Number Answered

Percent of People with Each Score

Your Score History

You have not taken this quiz